000 00356nam a2200157Ia 4500
008 230711s9999||||xx |||||||||||||| ||und||
041 _aENG
082 _a720
_bGI-R
100 _aGidwani,Bhagwan S
245 0 _aReturn of the Aryans
250 _a1st
260 _c1994
_aNew Delhi
_bPenguin Books
300 _a944
650 _aLiterature
942 _cBK
999 _c3381
_d3381